Adaptive expectations and nonlinear cobweb models : stable cycles, chaos and bifurcations /

Shranjeno v:
Bibliografske podrobnosti
Glavni avtor: Hommes, Carsien Harm
Korporativna značnica: Rijksuniversiteit te Groningen. Instituut voor Economisch Onderzoek
Format: Knjiga
Jezik:English
Izdano: Groningen : Institute of Economic Research, Faculty of Economics, University of Groningen, [1990]
Serija:Research memorandum (Rijksuniversiteit te Groningen. Instituut voor Economisch Onderzoek) ; nr. 399.
Teme:
LEADER 01255cam a2200277 a 4500
001 c000110806
003 CARM
005 20000119090216.0
008 990224s1990 ne b 000 0 eng d
019 1 |a 9721555  |5 LACONCORD2021 
035 |a (OCoLC)221271021  |5 LACONCORD2021 
040 |a VU  |b eng  |c VU 
100 1 |a Hommes, Carsien Harm. 
245 1 0 |a Adaptive expectations and nonlinear cobweb models :  |b stable cycles, chaos and bifurcations /  |c by Cars H. Hommes. 
260 |a Groningen :  |b Institute of Economic Research, Faculty of Economics, University of Groningen,  |c [1990] 
300 |a 40 p. ;  |c 29 cm. 
490 1 |a Research memorandum ;  |v nr. 399 
500 |a "December 1990" 
504 |a Includes bibliographical references (p. 38-40) 
650 0 |a Econometric models. 
650 0 |a Time-series analysis. 
710 2 |a Rijksuniversiteit te Groningen.  |b Instituut voor Economisch Onderzoek. 
830 0 |a Research memorandum (Rijksuniversiteit te Groningen. Instituut voor Economisch Onderzoek) ;  |v nr. 399. 
852 8 |b CARM  |h A2:AK33C0  |i D03115  |p 0108089  |f BK 
999 f f |i d92a8357-07b9-5b5a-bf78-effbc8beb3f1  |s fcb0f1a7-ed4a-537c-800a-4bafec4cde71 
952 f f |p Can circulate  |a CAVAL  |b CAVAL  |c CAVAL  |d CARM 1 Store  |e D03115  |f A2:AK33C0  |h Other scheme  |i book  |m 0108089